LEADER 01213nam a2200289 4500 001 000000338046 003 CaOOAMICUS 005 20191219180517.0 008 191120s1998 fr 000 u fre r 020 $a2-13-044689-2 040 $aSeMil$bita 100 1 $aPiaget, Jean,$d<1896-1980>.$0(OLS)http://semarc/name/1535 245 13$aLa psychologie de l'enfant /$cJean Piaget, Bärbel Inhelder. 250 $a18. éd. 264 1$aParis :$bPresses Universitaires de France,$c1998. 300 $a126 p. :$c18 cm 490 1 $aQue sais-je? ;$v369 650 4$aRagazzi - Psicologia.$0(OLS)http://semarc/subject/48886 650 4$aRagazzi - Educazione.$0(OLS)http://semarc/subject/28585 700 1 $aInhelder, Bärbel.$0(OLS)http://semarc/name/34110 830 0$aQue sais-je? ;$v369.$0(OLS)http://semarc/title/19846 850 $aSeMil 852 $aSeMil$W1$xVenegono$y1$m2O I 472$j218056$B230072$CSeMilBibl$Z2$F230072 $81 996 $6020$a2-13-044689-2$9(OLS)http://semarc/number/289229 996 $6245$aLa psychologie de l'enfant$9(OLS)http://semarc/title/426944 996 $6264$aParis :$bPresses Universitaires de France$9(OLS)http://semarc/publisher/30047 LEADER 01340nam a2200253 i 4500 001 000000229701 003 CaOOAMICUS 005 20140515000000.0 008 140515s1827 it u000 u fre u 013 $a208603 026 $ailo- m.et o.n- eter (7) 1827 (R) 040 $aSeMil$bita 245 13$aIl cantico de' cantici di Salomone novissima versione poetica di Stefano Giani eseguita secondo l'andamento dell'originale in otto cantate adattabili alla musica .. 260 $aMilano :$bPer Vincenzo Ferrario,$c1827. 300 $a230, [2] p. ;$c12°. 650 4$aBibbia - Apocrifi AT - Odi di Salomone.$0(OLS)http://semarc/subject/8765 650 4$aBibbia - AT e NT - Versioni poetiche.$0(OLS)http://semarc/subject/4780 700 1 $aGiani, Stefano .$0(OLS)http://semarc/name/79272 700 1 $aFerrario, Vincenzo,$c.$0(OLS)http://semarc/name/7036 710 2 $aBibbia.$0(OLS)http://semarc/name/5326 850 $aSeMil 852 $aSeMil$W1$xVenegono$y1$m2V I 28 FA$j180047$B180047$CSeMilBibl$Z2$F191138 $8I 996 $6245$aIl cantico de' cantici di Salomone novissima versione poetica di Stefano Giani eseguita secondo l'andamento dell'originale in otto cantate adattabili alla musica ..$9(OLS)http://semarc/title/328475 996 $6260$aMilano :$bPer Vincenzo Ferrario$9(OLS)http://semarc/publisher/36508